000 00485nam a2200193 a 4500
001 1763961452615
003 YourLibrary
005 20251124104853.0
008 251124s2006##################000#0#eng##
020 _a9780131737983
082 0 4 _a616.0277
_bSCO
100 1 _aScott, Christopher Thomas,
_eauthor.
245 1 0 _aStem Cell Now :
260 _bDutton,
_c2006.
300 _a264 pages
650 0 _aMedical.
942 _cENGLISH
040 _aYourLibrary
_beng
_cYourLibrary
999 _c598547
_d598547